000 00407nam a2200169Ia 4500
003 0STCL
008 150530s9999 xx 000 0 und d
040 _aSTCL
_cSTCL
100 _aAmmini Ammal, N.
245 _aAdhunik Hindi Malayalam Samshipth Sabdhkosh
260 _bSri Ramavilasam; Kollam
_c1951
300 _a0
546 _aHindi
942 _2ddc
_cBK
999 _c66758
_d66758
005 20220125171331.0